<?xml version="1.0" encoding="UTF-8"?>
<collection xmlns="http://www.loc.gov/MARC21/slim">
    <record>
        <controlfield tag="001">71155</controlfield>
        <controlfield tag="005">20180727104733.0</controlfield>
        <datafield tag="024" ind1="8" ind2=" ">
            <subfield code="2">sideral</subfield>
            <subfield code="a">106901</subfield>
        </datafield>
        <datafield tag="037" ind1=" " ind2=" ">
            <subfield code="a">ART-2016-106901</subfield>
        </datafield>
        <datafield tag="041" ind1=" " ind2=" ">
            <subfield code="a">spa</subfield>
        </datafield>
        <datafield tag="100" ind1=" " ind2=" ">
            <subfield code="0">(orcid)0000-0003-1824-3732</subfield>
            <subfield code="a">Pérez Monge, Marina</subfield>
            <subfield code="u">Universidad de Zaragoza</subfield>
        </datafield>
        <datafield tag="245" ind1=" " ind2=" ">
            <subfield code="a">Envejecimiento activo, calidad de vida y cuidado de la mujer en España</subfield>
        </datafield>
        <datafield tag="260" ind1=" " ind2=" ">
            <subfield code="c">2016</subfield>
        </datafield>
        <datafield tag="506" ind1="0" ind2=" ">
            <subfield code="a">Access copy available to the general public</subfield>
            <subfield code="f">Unrestricted</subfield>
        </datafield>
        <datafield tag="520" ind1="3" ind2=" ">
            <subfield code="a">Este trabajo trata de relacionar la esperanza de vida de la mujer en España con su intervención como cuidadora de otras personas; y con su calidad de vida, y las consecuencias en la capacidad de obrar.
Los resultados obtenidos son que la esperanza de vida de la mujer en España ciertamente es elevada y cuida de otras personas. Sin embargo, su calidad de vida es menor que la del varón, por lo que debe ser atendida por cuidadores. En ocasiones se produce una pérdida de su capacidad natural, que impedirá la toma de decisiones en un futuro. No obstante, el Derecho ofrece diversos instrumentos de protección para facilitar que la persona organice anticipadamente el modo y personas que tomarán decisiones personales y patrimoniales para el eventual momento en que ella no pueda.</subfield>
        </datafield>
        <datafield tag="540" ind1=" " ind2=" ">
            <subfield code="9">info:eu-repo/semantics/openAccess</subfield>
            <subfield code="a">by-nc-nd</subfield>
            <subfield code="u">http://creativecommons.org/licenses/by-nc-nd/3.0/es/</subfield>
        </datafield>
        <datafield tag="655" ind1=" " ind2="4">
            <subfield code="a">info:eu-repo/semantics/article</subfield>
            <subfield code="v">info:eu-repo/semantics/publishedVersion</subfield>
        </datafield>
        <datafield tag="710" ind1="2" ind2=" ">
            <subfield code="1">4004</subfield>
            <subfield code="2">130</subfield>
            <subfield code="a">Universidad de Zaragoza</subfield>
            <subfield code="b">Dpto. Derecho Privado</subfield>
            <subfield code="c">Área Derecho Civil</subfield>
        </datafield>
        <datafield tag="773" ind1=" " ind2=" ">
            <subfield code="g">38 (2016), 29-34</subfield>
            <subfield code="p">Aequalitas (Zaragoza)</subfield>
            <subfield code="t">Aequalitas (Zaragoza)</subfield>
            <subfield code="x">1575-3379</subfield>
        </datafield>
        <datafield tag="856" ind1="4" ind2="1">
            <subfield code="u">http://www.aragon.es/estaticos/GobiernoAragon/Organismos/InstitutoAragonesMujer/Documentos/aequalitas_38.pdf</subfield>
            <subfield code="z">Texto completo de la revista</subfield>
        </datafield>
        <datafield tag="856" ind1="4" ind2=" ">
            <subfield code="s">2558317</subfield>
            <subfield code="u">http://zaguan.unizar.es/record/71155/files/texto_completo.pdf</subfield>
            <subfield code="y">Versión publicada</subfield>
        </datafield>
        <datafield tag="856" ind1="4" ind2=" ">
            <subfield code="s">49283</subfield>
            <subfield code="u">http://zaguan.unizar.es/record/71155/files/texto_completo.jpg?subformat=icon</subfield>
            <subfield code="x">icon</subfield>
            <subfield code="y">Versión publicada</subfield>
        </datafield>
        <datafield tag="909" ind1="C" ind2="O">
            <subfield code="o">oai:zaguan.unizar.es:71155</subfield>
            <subfield code="p">articulos</subfield>
            <subfield code="p">driver</subfield>
        </datafield>
        <datafield tag="951" ind1=" " ind2=" ">
            <subfield code="a">2018-07-27-09:47:04</subfield>
        </datafield>
        <datafield tag="980" ind1=" " ind2=" ">
            <subfield code="a">ARTICLE</subfield>
        </datafield>
    </record>

    
</collection>